000 00725pam a2200193 a 4500
020 _a0471839817 (cloth)
082 0 0 _a624.1762
_bKRN
100 1 _aKrinitzsky, E. L.
_951072
245 1 0 _aFundamentals of earthquake-resistant construction /
_cEllis L. Krinitzsky, James P. Gould, Peter H. Edinger.
260 _aNew York :
_bWiley,
_cc1993.
300 _axxiii, 299 p. :
_bill. ;
_c25 cm.
526 _a0
_b1
_c0
_d624_176200000000000_KRN
650 0 _aEarthquake resistant design.
_9652
700 1 _aEdinger, Peter H.
_951073
700 1 _aGould, James P.
_951074
856 4 _uhttp://www.loc.gov/catdir/toc/onix01/92020059.html
856 4 2 _uhttp://www.loc.gov/catdir/description/wiley031/92020059.html
942 _2ddc
_cBK
999 _c553821
_d553821